000 01640cam a2200361 4500
008 040603n2004 000 0 eng u
020 _a086017610X
035 _a(Sirsi) u126403
041 _aeng
050 _a725.54
_c18
100 _aBright, Keith
245 _aBuildings for all to use 2
_bimproving the accessibility of public buildings and environments
250 _a2nd ed.
260 _aLondon
_bCIRIA
_c2004
300 _a210p.
_bill.
_c30cm.
350 _a48
490 _aCIRIA Publication
_vC610
520 _aProvides guidance for designers, building owners and managers on altering and adapting existing non-residential buildings to improve access for disabled people. Part one looks at the needs of users, legislation, modern management strategies, communicating, wayfinding and information, and historic buildings. Part two provides detailed design guidance to improve the physical accessibility of environments. Appendices.
650 _aDISABILITY DISCRIMINATION ACT 1995
650 _aHISTORIC BUILDINGS
650 _aDESIGN GUIDANCE
650 _aMANAGEMENT-BUSINESS MANAGEMENT-DISCRIMINATION-DISABILITY DISCRIMINATION-ACCESSIBILITY
650 _aALTERATIONS
650 _aMANAGEMENT-BUSINESS MANAGEMENT-DISCRIMINATION-DISABILITY DISCRIMINATION-ACCESSIBILITY
690 _aBUILT ENVIRONMENT-CONSTRUCTION DESIGN
700 _aFlanagan, Susan
700 _aEmbleton, Justine
700 _aSelbekk, Laura
700 _aCook, Geoffrey
710 _aConstruction Industry Research and Information Association
_94810
710 _aUnited Kingdom
_bDepartment of Trade and Industry
942 _n0
999 _c103615
_d103615